| 000 | 01767nam0a2200325 4500 | ||
|---|---|---|---|
| 001 | RU\NLR\bibl\437816 | ||
| 005 | 20260407125346.0 | ||
| 010 |
_a5-8122-0569-8 _9150 |
||
| 021 |
_aRU _b2003-41179 _91958 |
||
| 035 | _a(NLR Aleph) 000431594 | ||
| 090 |
_a757813 _c757813 |
||
| 100 | _a20030919d2002 |||y0rusy50 ca | ||
| 101 | 0 | _arus | |
| 102 | _aRU | ||
| 105 | _aa ||||||||| | ||
| 200 | 1 |
_aПроблемы обеспечения устойчивости экономического роста полиграфических предприятий и издательств _eМежвед. сб. науч. тр. _fМ-во образования Рос. Федерации, Моск. гос. ун-т печати _g[Редкол.: В.А. Богомолова, проф., д.э.н. (отв. ред.) и др.] |
|
| 210 |
_aМ. _cМоск. гос. ун-т печати _d2002 |
||
| 215 |
_a155, [1] с. _cил. _d20 |
||
| 320 | _aБиблиогр. в конце кн. (15 назв.) | ||
| 606 | 0 |
_aИздательское дело _jСборники _xЭкономика _yРоссийская Федерация _92276213 _3RU\NLR\auth\661364032 |
|
| 606 | 0 |
_aПолиграфические предприятия _jСборники _xЭкономика _91589035 _3RU\NLR\auth\66997019 |
|
| 686 | _aЧ617.4(2)8я43 | ||
| 686 | _aУ30(2)705.1я43 | ||
| 702 | 1 |
_4340 _8rus _7ca _aБогомолова _bВ. А. _f1930- _gВалентина Алексеевна _3RU\NLR\auth\7782716 _965644 |
|
| 712 | 0 | 2 |
_4570 _aМосковский государственный университет печати им. И. Федорова _3RU\NLR\AUTH\889969186 _9434732 |
| 801 | 0 |
_aRU _bNLR _c20030919 _gPSBO |
|
| 801 | 1 |
_aRU _bNLR _c20030919 |
|
| 942 | _cBOOK | ||
| 980 | _aNB | ||